000 00450nam a2200181Ia 4500
005 20240823061635.0
008 240823s9999||||xx |||||||||||||| ||und||
041 _aENGLISH
082 _A294.5923 Q0
100 _aDevdutt Pattananaik
245 0 _aJaya an illustrated Retelling of the Mahabharatha
250 _a1st
260 _c2010
_b"Penguin Books,En"
500 _aYES
650 _aMahabharata
_bGeneral
942 _cBK
999 _c234003
_d234003